9.November-Schicksalstag der Deutschen - Statistiken

Allgemein
  • Dieses Quiz wurde 79 mal gespielt
  • Das Durchschnittsergebnis liegt bei 4 aus 5
Antwortstatistiken
Hint Antwort % Korrekt
Fall der Berliner Mauer 1989
100%
Reichspogromnacht 1938
97%
Ausrufung der Weimarer Republik 1918
94%
Hitlerputsch in München 1923
93%
Ermordung von Robert Blum 1848
32%
Keine übereinstimmenden Quizze gefunden
Verteilung der Resultate
Anzahl Personen mit jedem Resultat
Perzentil nach korrekt beantworteten Fragen
Ihre Resultats-Entwicklung
Sie haben dieses Quiz noch nicht gespielt